Historia de España y su influencia en la historia universal / (Record no. 29431)

MARC details
000 -LEADER
campo de control de longitud fija 00652nam a2200193 i 4500
001 - NÚMERO DE CONTROL
campo de control 29431
003 - IDENTIFICADOR DE NÚMERO DE CONTROL
campo de control ES-MaACL
005 - FECHA Y HORA DE LA ÚLTIMA TRANSACCIÓN
campo de control 20230909063106.0
007 - CAMPO FIJO DE DESCRIPCIÓN FÍSICA--INFORMACIÓN GENERAL
campo de control de longitud fija t|
008 - DATOS DE LONGITUD FIJA--INFORMACIÓN GENERAL
campo de control de longitud fija 030121m19221943sp af |||| | spa d
100 1# - ENTRADA PRINCIPAL--NOMBRE DE PERSONA
Nombre de persona Ballesteros Beretta, Antonio,
Fechas asociadas al nombre 1880-1949
9 (RLIN) 25050
245 10 - MENCIÓN DEL TÍTULO
Título Historia de España y su influencia en la historia universal /
Mención de responsabilidad, etc. Antonio Ballesteros Beretta.
260 ## - PUBLICACIÓN, DISTRIBUCIÓN, ETC.
Lugar de publicación, distribución, etc. Barcelona :
Nombre del editor, distribuidor, etc. Salvat,
Fecha de publicación, distribución, etc. 1922-1943 (
Fabricante Hispano-Americana)
300 ## - DESCRIPCIÓN FÍSICA
Extensión 7 v., CCLXVII lám. :
Otras características físicas il. ;
Dimensiones 26 cm.
595 ## -
-- Vol. III impreso en 1922.
651 #4 - PUNTO DE ACCESO ADICIONAL DE MATERIA--NOMBRE GEOGRÁFICO
Nombre geográfico España-
Subdivisión general Historia.
9 (RLIN) 8209
852 ## - LOCALIZACIÓN
Ubicación ES-MaACL
Número de control de estantería B-444-53
Holdings
Estatus retirado Estado de pérdida Estado de daño No para préstamo Biblioteca de origen Biblioteca actual Ubicación en estantería Fecha de adquisición Fuente de adquisición Total de préstamos Signatura topográfica completa Código de barras Visto por última vez Precio de reemplazo Tipo de ítem Koha
        Biblioteca del Ateneo de Madrid Biblioteca del Ateneo de Madrid Sala Pardo Bazán 17/01/2008     B-444-53 1030385 23/02/2023 23/02/2023 Libro impreso